| 000 | 01316cam a22003134a 4500 | ||
|---|---|---|---|
| 001 | 12705406 | ||
| 003 | EG-ScBUE | ||
| 005 | 20250720114501.0 | ||
| 008 | 020315s2002 enka f b 001 0 eng | ||
| 020 | _a0521803926 | ||
| 020 | _a9780521803922 | ||
| 040 |
_aEG-ScBUE _beng _erda _cEG-ScBUE _dEG-ScBUE |
||
| 082 | 0 | 4 |
_a541.224 _222 _bGAL |
| 100 | 1 |
_aGallup, Gordon A. _q(Gordon Alban), _d1927- _96066 _eauthor. |
|
| 245 | 1 | 0 |
_aValence bond methods : _btheory and applications / _cGordon A. Gallup, University of Nebraska. |
| 264 | 1 |
_aCambridge : _bCambridge University Press, _c2002. |
|
| 300 |
_axv, 238 pages : _billustrations ; _c26 cm |
||
| 336 |
_2rdacontent _atext _btxt |
||
| 337 |
_aunmediated _2rdamedia _bn |
||
| 338 |
_avolume _bnc _2rdacarrier |
||
| 504 | _aIncludes bibliographical references and index. | ||
| 650 | 7 |
_aValence (Theoretical chemistry) _96067 _2BUEsh |
|
| 655 | _vReading book | ||
| 856 | 4 | 1 |
_3Sample text _uhttp://www.loc.gov/catdir/samples/cam033/2002023398.html |
| 856 | 4 | 2 |
_3Publisher description _uhttp://www.loc.gov/catdir/description/cam022/2002023398.html |
| 856 | 4 | 1 |
_3Table of contents _uhttp://www.loc.gov/catdir/toc/cam021/2002023398.html |
| 856 | 4 | 2 |
_3Contributor biographical information _uhttp://www.loc.gov/catdir/enhancements/fy0731/2002023398-b.html |
| 942 |
_2ddc _cBB |
||
| 999 |
_c11804 _d11804 |
||